| 000 | 00543nam a2200145 4500 | ||
|---|---|---|---|
| 999 |
_c512866 _d512866 |
||
| 008 | 191224b ||||| |||| 00| 0 eng d | ||
| 100 |
_aJana, Dipparna _914850 |
||
| 245 | _aCrime and state level per capita income: Exploring the relationship for Indian states | ||
| 260 | _bIASSI Quarterly: Contributions to Indian Social Science | ||
| 300 | _a38(3), Jul-Sep, 2019: p.360-377. | ||
| 650 |
_aIncome distribution _914851 |
||
| 773 | _aIASSI Quarterly: Contributions to Indian Social Science | ||
| 906 | _aCrime - India | ||
| 942 |
_2ddc _cAR |
||